| 000 | 01622cad a22003375a 4500 | ||
|---|---|---|---|
| 001 | L159564 | ||
| 008 | 100415u20170410xxk g 000 0 eng d | ||
| 035 | _a(Sirsi) u159564 | ||
| 041 | 0 | _aeng | |
| 110 |
_aRoyal Institution of Chartered Surveyors _94900 |
||
| 245 | 0 | 0 |
_aSmart cities, big data and the built environment _bwhat's required? _h[electronic resource] |
| 260 |
_aLondon _bRICS _c2017 |
||
| 490 | 0 | _aRICS Research | |
| 520 | _aExamines the development of data platforms in the UK and internationally, and determines how professionals in the built environment can benefit from these data platforms. Research identifies four key barriers to the development of big data projects in the built environment. A lack of consistency in the definitions and measurement of built environment big data, a low level of built environment sector business engagement, the lack of interoperability between different varieties of datasets, the present lack of a 'bottom-up', and demand-focused approach to the smart cities agenda. | ||
| 590 | _aKA NTK | ||
| 650 | 2 | 4 | _aSMART CITIES |
| 650 | 2 | 4 | _aBIG DATA |
| 650 | 2 | 4 | _aOPEN DATA |
| 651 | 4 | _aUnited Kingdom | |
| 651 | 4 | _aInternational | |
| 690 |
_aPlanning and development _96259 |
||
| 700 | 1 | _aDixon, Tim | |
| 700 | 1 | _aWetering, Jorn van de | |
| 700 | 1 | _aSexton, Martin | |
| 700 | 1 | _aLu, Shu-Ling | |
| 700 | 1 | _aWilliams, D. | |
| 700 | 1 | _aDuman, Dilek Ulutas | |
| 700 | 1 | _aChen, Xueying | |
| 856 | 4 | 0 |
_uhttps://www.rics.org/news-insights/wbef/big-data-smart-cities-understanding-the-challenges-and-embracing-change _zView free on RICS.org |
| 942 |
_n0 _2ddc |
||
| 999 |
_c116004 _d116004 |
||